ბათუმის შოთა რუსთაველის სახელმწიფო უნივერსიტეტის ბიბლიოთეკა

ფირმის ინოვაციური მარკეტინგი : Innovative Marketing of the Firm : (ბიბ.ჩანაწერი № 50653)

000 -ლიდერი
ფიქსირებული სიგრძის საკონტროლო ველი 01505nam a2200265Ia 4500
001 - საკონტროლო ნომერი
საკონტროლო ველი 17603
003 - საკონტროლო ნომრის იდენტიფიკატორი
საკონტროლო ველი GE_BSU
005 - ბოლო ოპერაციის თარიღი და დრო
საკონტროლო ველი 20200220120046.0
008 - ფიქსირებული სიგრძის მონაცემთა ელემენტები - ზოგადი ინფორმაცია
ფიქსირებული სიგრძის საკონტროლო ველი 181216s2008ge xx |||||||||||||| ||geo||
020 ## - წიგნის საერთაშორისო სტანდარტული ნომერი
International Standard Book Number 9789941004353
040 ## - კატალოგიზაციის წყარო
Transcribing agency GE_BSU
041 ## - ენის კოდი
Language code of text/sound track or separate title geo
080 ## - უნივერსალური ათობითი კლასიფიკაციის ინდექსი
Universal Decimal Classification number 339.138 ა-27
100 ## - მთავარი ჩანაწერი - პიროვნების სახელი
Personal name ადეიშვილი, ირმა.
9 (RLIN) 7221
245 ## - ცნობა სათაურის შესახებ
Title ფირმის ინოვაციური მარკეტინგი : Innovative Marketing of the Firm :
Remainder of title დამხმარე სასწავლო სახელმძღვანელო /
Statement of responsibility, etc ირმა ადეიშვილი ; ბადრი გეჩბაია ; რედ. გელა მამულაძე.
264 ## - წარმოების, გამოცემის, დისტრიბუციის და სხვა ცნობები
გამოცემის, წარმოების, დისტრიბუციის... ადგილი ბათუმი :
გამოცემის, წარმოების, დისტრიბუციის... სახელწოდება საზოგადოება ცოდნა,
გამოცემის, წარმოების, დისტრიბუციის... თარიღი 2008.
300 ## - ფიზიკური აღწერა
Extent 100 გვ;
Dimensions 20 სმ.
504 ## - BIBLIOGRAPHY, ETC. NOTE
Bibliography, etc ბიბლიოგრ.: გვ. 94-95
653 ## - INDEX TERM--UNCONTROLLED
Uncontrolled term გადმოცემულია ინოვაციური მარკეტინგის ძირითადი საკითხები,მარკეტინგული ინოვაციების მნიშვნელობა.
653 ## - INDEX TERM--UNCONTROLLED
Uncontrolled term ეკონომიკა
653 ## - INDEX TERM--UNCONTROLLED
Uncontrolled term ფირმის ინოვაციური მარკეტინგი
700 ## - ADDED ENTRY--PERSONAL NAME
Personal name გეჩბაია, ბადრი
9 (RLIN) 1999
700 ## - ADDED ENTRY--PERSONAL NAME
Personal name მამულაძე, გელა
Relator term რედაქტორი
9 (RLIN) 7222
942 ## - ADDED ENTRY ELEMENTS (KOHA)
Koha item type წიგნი
Source of classification or shelving scheme
ეგზემპლარები
ჩამოწერის სტატუსი დაკარგული ეგზემპლარის სტატუსი კლასიფიკაციის წყარო ან თაროზე გაწყობის სქემა დაზიანების სტატუსი არ გაიცემა მუდმივი მდებარეობა (დაცვის ადგილი) ამჟამინდელი ადგილსამყოფელი თაროზე განთავსების ადგილი შეძენის თარიღი სრული შენახვის შიფრი შტრიხკოდი ბოლო ოპერაციის თარიღი ეგზემპლარის მიმდევრობითი ნომერი (კეტერი?) ფასის ძალაში შესვლის თარიღი ეგზემპლარის სახეობა
          ბათუმის შოთა რუსთაველის სახელმწიფო უნივერსიტეტის მთავარი ბიბლიოთეკა ბათუმის შოთა რუსთაველის სახელმწიფო უნივერსიტეტის მთავარი ბიბლიოთეკა წიგნსაცავი 2018-12-17 339.138 ა-27 45612 2018-12-17 45612 2018-12-17 წიგნი